00633nam a2200157Ia 4500999001700000082001200017100001800029245012500047260000900172300000900181650005800190650004200248710006000290942001200350952011300362 c15810d15810 aRK.012; aKripa Shankar 0aIntegrated child development service programme :bA case study of selected Aganwadies in Shankargarh, Allahabad District c1982 a39p. aANGANWADIES - UTTAR PRADESH - ALLAHABAD - SHANKARGARH aINTEGRATED CHILD DEVELOPMENT SERVICES aGovind Ballabh Pant Social Science Institute, Allahabad cRP2ddc 00104070aNASSDOCbNASSDOCd2004-10-08i2004-10-22l0oRK.012;p19508r2019-04-18 00:00:00w2019-04-18yRP